LEADER 01806oam 2200469M 450 001 9910716304303321 005 20200213070856.6 035 $a(CKB)5470000002521097 035 $a(OCoLC)1065581403 035 $a(OCoLC)995470000002521097 035 $a(EXLCZ)995470000002521097 100 $a20071213d1927 ua 0 101 0 $aeng 135 $aurcn||||||||| 181 $ctxt$2rdacontent 182 $cc$2rdamedia 183 $acr$2rdacarrier 200 10$aAdditional district judge for District of Maryland. January 19, 1927. -- Committed to the Committee of the Whole House on the State of the Union and ordered to be printed 210 1$a[Washington, D.C.] :$c[U.S. Government Printing Office],$d1927. 215 $a1 online resource (2 pages) 225 1 $aHouse report / 69th Congress, 2nd session. House ;$vno. 1814 225 1 $a[United States congressional serial set] ;$v[serial no. 8688] 300 $aBatch processed record: Metadata reviewed, not verified. Some fields updated by batch processes. 300 $aFDLP item number not assigned. 606 $aCourt congestion and delay 606 $aDistrict courts 606 $aJudicial districts 606 $aJudges 608 $aLegislative materials.$2lcgft 615 0$aCourt congestion and delay. 615 0$aDistrict courts. 615 0$aJudicial districts. 615 0$aJudges. 701 $aGraham$b George Scott$f1850-1931$pRepublican (PA)$01386798 801 0$bWYU 801 1$bWYU 801 2$bOCLCO 801 2$bOCLCQ 906 $aBOOK 912 $a9910716304303321 996 $aAdditional district judge for District of Maryland. January 19, 1927. -- Committed to the Committee of the Whole House on the State of the Union and ordered to be printed$93524109 997 $aUNINA LEADER 04911nam 2201069Ia 450 001 996582058003316 005 20230207232733.0 010 $a0-8147-8573-5 010 $a0-8147-8571-9 024 7 $a10.18574/9780814785737 035 $a(CKB)2560000000052750 035 $a(EBL)865998 035 $a(OCoLC)779828347 035 $a(SSID)ssj0000467714 035 $a(PQKBManifestationID)11290585 035 $a(PQKBTitleCode)TC0000467714 035 $a(PQKBWorkID)10489814 035 $a(PQKB)10109160 035 $a(StDuBDS)EDZ0001323742 035 $a(MiAaPQ)EBC865998 035 $a(OCoLC)694145279 035 $a(MdBmJHUP)muse4912 035 $a(DE-B1597)548164 035 $a(DE-B1597)9780814785737 035 $a(Au-PeEL)EBL865998 035 $a(CaPaEBR)ebr10425206 035 $a(EXLCZ)992560000000052750 100 $a20100610d2010 uy 0 101 0 $aeng 135 $aur|n|---||||| 181 $ctxt 182 $cc 183 $acr 200 00$aCivil War citizens$b[electronic resource] $erace, ethnicity, and identity in America's bloodiest conflict /$fedited by Susannah J. Ural 210 $aNew York $cNew York University Press$dc2010 215 $a1 online resource (249 p.) 300 $aIncludes index. 311 $a0-8147-8570-0 311 $a0-8147-8569-7 320 $aIncludes bibliographical references and index. 327 $tFrontmatter -- $tContents -- $tIntroduction -- $t1. Yankee Dutchmen -- $t2. ?With More Freedom and Independence Than the Yankees? -- $t3. ?Ye Sons of Green Erin Assemble? -- $t4. Irish Rebels, Southern Rebels -- $t5. The Jewish Confederates -- $t6. Native Americans in the Civil War -- $t7. The African American Struggle for Citizenship Rights in the Northern United States during the Civil War -- $tAbout the Contributors -- $tIndex 330 $aAt its core, the Civil War was a conflict over the meaning of citizenship. Most famously, it became a struggle over whether or not to grant rights to a group that stood outside the pale of civil-society: African Americans. But other groups--namely Jews, Germans, the Irish, and Native Americans--also became part of this struggle to exercise rights stripped from them by legislation, court rulings, and the prejudices that defined the age.Grounded in extensive research by experts in their respective fields, Civil War Citizens is the first volume to collectively analyze the wartime experiences of those who lived outside the dominant white, Anglo-Saxon Protestant citizenry of nineteenth-century America. The essays examine the momentous decisions made by these communities in the face of war, their desire for full citizenship, the complex loyalties that shaped their actions, and the inspiring and heartbreaking results of their choices-- choices that still echo through the United States today. Contributors: Stephen D. Engle, William McKee Evans, David T. Gleeson, Andrea Mehrländer, Joseph P. Reidy, Robert N. Rosen, and Susannah J. Ural. 606 $aMinorities$zUnited States$xSocial conditions$y19th century 606 $aImmigrants$zUnited States$xSocial conditions$y19th century 607 $aUnited States$xHistory$yCivil War, 1861-1865$xParticipation, Immigrant 607 $aUnited States$xHistory$yCivil War, 1861-1865$xParticipation, German American 607 $aUnited States$xHistory$yCivil War, 1861-1865$xParticipation, Irish American 607 $aUnited States$xHistory$yCivil War, 1861-1865$xParticipation, Jewish 607 $aUnited States$xHistory$yCivil War, 1861-1865$xParticipation, Indian 607 $aUnited States$xHistory$yCivil War, 1861-1865$xParticipation, African American 607 $aUnited States$xHistory$yCivil War, 1861-1865$xSocial aspects 607 $aUnited States$xSocial conditions$y19th century 610 $aAmerica. 610 $aAnglo-Saxon. 610 $aCitizens. 610 $aCivil. 610 $aGrounded. 610 $aProtestant. 610 $abook. 610 $acitizenry. 610 $adominant. 610 $aeffort. 610 $aexperiences. 610 $aexperts. 610 $aextensive. 610 $afields. 610 $afirst. 610 $agather. 610 $ainto. 610 $alived. 610 $anineteenth-century. 610 $aoutside. 610 $apopulations. 610 $aresearch. 610 $arespective. 610 $atheir. 610 $atogether. 610 $awartime. 610 $awhite. 615 0$aMinorities$xSocial conditions 615 0$aImmigrants$xSocial conditions 676 $a973.7/1 686 $a15.85$2bcl 686 $a74.94$2bcl 701 $aUral$b Susannah J$01655159 801 0$bMiAaPQ 801 1$bMiAaPQ 801 2$bMiAaPQ 906 $aBOOK 912 $a996582058003316 996 $aCivil War citizens$94007420 997 $aUNISA